Komparácia vybraných problémov vykazovania majetku v účtovnej závierke zostavenej podľa slovenskej právnej úpravy a podľa IFRS diplomová práca

Salvato in:
Dettagli Bibliografici
Autore principale: Kúdelová, Patrícia
Ente Autore: Fakulta hospodárskej informatiky EU. Katedra účtovníctva a audítorstva
Altri autori: Silná, Renáta, 1981-
Natura: Libro
Lingua:slovacco
Pubblicazione: Bratislava 2012
Tags: Aggiungi Tag
Nessun Tag, puoi essere il primo ad aggiungerne!!

MARC

LEADER 00000nbm a2200000 4500
001 0159234
005 20161109102235.0
041 0 |a slo 
044 |a SK 
245 1 0 |a Komparácia vybraných problémov vykazovania majetku v účtovnej závierke zostavenej podľa slovenskej právnej úpravy a podľa IFRS  |b diplomová práca  |c Patrícia Kúdelová ; školiteľ: Renáta Silná 
264 1 |a Bratislava  |c 2012 
300 |a 65 s. 
100 1 |a Kúdelová, Patrícia 
700 1 |a Silná, Renáta, 1981- 
710 2 |a Fakulta hospodárskej informatiky EU. Katedra účtovníctva a audítorstva